[Event "ITT Ciudad de Villa Martelli"]
[Site "Villa Martelli, ARG"]
[Date "2011.08.09"]
[Round "9"]
[White "Guerrero, Alvaro"]
[Black "Della Morte, German"]
[Result "1-0"]
[WhiteElo "2210"]
[BlackElo "2368"]

1. d4 Nf6 2. c4 g6 3. Nc3 Bg7 4. e4 d6 5. Nge2 O-O 6. Ng3 c5 7. d5 e6 8. Be2
exd5 9. cxd5 b6 10. O-O Ba6 11. f4 Re8 12. f5 Bxe2 13. Qxe2 Nfd7 14. Bf4 Ne5
15. a4 a6 16. Ra3 Nbd7 17. Nd1 c4 18. Ne3 Ra7 19. Bxe5 Nxe5 20. Nxc4 Nxc4 21.
Qxc4 Bxb2 22. Raf3 Be5 23. Qd3 Qc8 24. Ne2 Qc5+ 25. Kh1 Qb4 26. f6 Qxa4 27.
Qe3 Qc4 28. Ng3 Kh8 29. Qh6 Rg8 30. Rc1 Qd4 31. Ne2 Bf4 32. Qxf4 Qb2 33. Qh6
Qxe2 34. Rh3 Qxg2+ 35. Kxg2 1-0

[Event "ITT Ciudad de Villa Martelli"]
[Site "Villa Martelli, ARG"]
[Date "2011.08.09"]
[Round "9"]
[White "Fabian, Gaston"]
[Black "Latorre, Matias"]
[Result "1-0"]
[WhiteElo "2317"]
[BlackElo "2258"]

1. d4 d5 2. c4 c6 3. Nf3 Nf6 4. Nc3 dxc4 5. a4 Bg4 6. Ne5 Nbd7 7. Nxc4 e6 8.
f3 Bh5 9. e4 b5 10. axb5 cxb5 11. Ne3 b4 12. Ne2 Nb6 13. Nf4 Bg6 14. Bb5+
Nfd7 15. h4 Qc7 16. e5 Rc8 17. h5 Bc2 18. Nxc2 Qxc2 19. Qxc2 Rxc2 20. O-O Rc7
21. Be3 Kd8 22. Rfc1 Rxc1+ 23. Bxc1 Nc8 24. Bd2 Ndb6 25. Nd3 Kc7 26. Nxb4 Bxb4
27. Bxb4 Rd8 28. Bc5 Kb8 29. Bd3 Nd7 30. Bxh7 Nxc5 31. dxc5 Rd5 32. Bg8 Rxc5
33. Re1 Rc7 34. g4 Nb6 35. g5 Nd5 36. Re4 Rc1+ 37. Kg2 Rc2+ 38. Kg3 Rc1 39.
Bxf7 Rg1+ 40. Kf2 Rxg5 41. Bxe6 Ne7 42. Bg4 Nc6 43. e6 Ne7 44. Rd4 Rb5 45.
Rd8+ 1-0

[Event "ITT Ciudad de Villa Martelli"]
[Site "Villa Martelli, ARG"]
[Date "2011.08.09"]
[Round "9"]
[White "Saldano Dayer, Horacio"]
[Black "Menna Barreto, Felipe Kubiaki"]
[Result "1-0"]
[WhiteElo "2428"]
[BlackElo "2193"]

1. e4 Nc6 2. Nf3 d6 3. d4 Nf6 4. Nc3 Bg4 5. Be3 e6 6. h3 Bh5 7. d5 exd5 8.
exd5 Bxf3 9. Qxf3 Ne5 10. Qe2 a6 11. f4 Ned7 12. O-O-O Be7 13. g4 g6 14. Bd4
O-O 15. h4 c5 16. dxc6 bxc6 17. h5 c5 18. Be3 Rb8 19. hxg6 fxg6 20. g5 Qb6 21.
b3 Qa5 22. gxf6 Nxf6 23. Bd2 Qc7 24. f5 d5 25. Nxd5 Nxd5 26. Qe6+ Kg7 27.
fxg6 h5 28. Rxh5 1-0

[Event "ITT Ciudad de Villa Martelli"]
[Site "Villa Martelli, ARG"]
[Date "2011.08.09"]
[Round "9"]
[White "Mayorga, Nicolas"]
[Black "Liascovich, Lucas Agustin"]
[Result "1-0"]
[WhiteElo "2330"]
[BlackElo "2428"]

1. e4 Nf6 2. e5 Nd5 3. d4 d6 4. c4 Nb6 5. exd6 cxd6 6. Nc3 Nc6 7. Be3 g6 8.
Rc1 Bg7 9. b3 O-O 10. h3 e5 11. dxe5 dxe5 12. Qxd8 Rxd8 13. c5 Nd5 14. Nxd5
Rxd5 15. Bc4 Rd8 16. Nf3 h6 17. Nd2 Nb4 18. Ne4 Nxa2 19. Rd1 Be6 20. Bxe6 fxe6
21. Ke2 Nb4 22. Rxd8+ Rxd8 23. Rd1 Nd5 24. g3 a6 25. b4 Bf8 26. Rb1 Nc7 27.
Rb3 Kf7 28. h4 Ke8 29. Nf6+ Ke7 30. Ng8+ Kf7 31. Nxh6+ Bxh6 32. Bxh6 Nb5 33.
Rf3+ Kg8 34. Rf6 Rd4 35. Rxg6+ Kh7 36. Rxe6 Rxb4 37. Be3 a5 38. Rb6 a4 39.
Rxb7+ Kg6 40. c6 Rb2+ 41. Kf3 a3 42. Rxb5 e4+ 43. Kg2 1-0